Statistiques concernant AS Monaco - Quiz

Cliquez ici pour prendre le quiz!

Statistiques générales

  • Ce quiz a été pris 127 fois
  • Le résultat moyen est 12 sur 19

Statistiques - réponses

HintRéponse% Correct
Nombre de titre Champion de France8
93%
2Radamel Falcao
89%
Nom du StadeLouis II
87%
1Kylian Mbappé
85%
1James Rodríguez
81%
2James Rodríguez
81%
5Benjamin Mendy
67%
3Wissam Ben Yedder
65%
3Thomas Lemar
62%
Entraineur ActuelRobert Moreno
61%
Meilleur ButeurDelio Onnis
60%
Président ActuelDmitri Rybolovlev
58%
Joueur le plus capéJean-Luc Ettori
58%
Année de Création1924
55%
SloganDaghe Munegu
55%
4Anthony Martial
48%
4Gelson Martins
25%
4Keita Baldé
24%
4Aleksandr Golovine
15%

Distribution des résultats

Percentile par nombre de réponses

% des personnes avec chaque résultat

Votre développement - résultats

Vous n’avez pas pris ce quiz